000 05717cam a22019094i 4500
003 PE-LiUPU
005 20250813165437.0
008 820513s1979 sp a rb 001 0 spa d
020 _a9788429179019
035 _a(Sirsi) i9788429179019
040 _aPE-LiUPU
_bspa
_cPE-LiUPU
_erda
049 _aPRUA
082 0 4 _a665
_bB16
082 0 4 _a665
_bB16 2001
100 1 _aBailey, Alton E.,
_eautor.
245 1 0 _aAceites y grasas industriales, obra indispensables a químicos e ingenieros interesados en la producción y fabricación de aceites y grasas /
_cAlton E. Bailey.
264 1 _aBarcelona :
_bEditorial Reverté,
_c1979.
300 _a741 páginas :
_bilustraciones ;
_c22 centímetros
336 _atext
_2rdacontent
337 _aunmediated
_2rdamedia
338 _avolume
_2rdacarrier
504 _aBibliografía al pie de página.
504 _aIndice alfabético: páginas [717]-729.
505 0 _aEstructura y composición de los aceites y grasas -- Reacciones de las grasas y de los ácidos grasos -- Propiedades físicas de las grasas y los ácidos grasos -- Papel de las grasas en la dieta humana -- Fuentes, utilización y clasificación de los aceites y las grasas -- Composición y características de los distintos aceites y grasas -- Aceites para cocinar y para ensaladas -- Grasas plásticas para repostería -- Mantequilla y margarina -- Productos horneados y confituras -- Jabón y otros agentes tenso-activos -- Pinturas, barnices y productos afines -- Diversos productos derivados de los aceites y grasas -- Manipulación, almacenamiento y valoración de los aceites y productos oleaginosos -- Extracción de grasas y aceites -- Neutralización y decoloración.
526 _aP203
526 _aP200
526 _aSEG65
526 _aSEG64
526 _aSEG63
526 _aSEG62
526 _aSEG61
526 _aSEG60
526 _aSEG59
526 _aSEG58
526 _aSEG57
526 _aSEG56
526 _aSEG55
526 _aSEG54
526 _aSEG53
526 _aSEG52
526 _aSEG51
526 _aSEG50
526 _aSEG49
526 _aSEG48
526 _aSEG47
526 _aSEG46
526 _aSEG24
526 _aSEG23
526 _aSEG22
526 _aSEG21
526 _aSEG20
526 _aSEG19
526 _aSEG18
526 _aSEG17
526 _aSEG16
526 _aSEG14
526 _aSEG13
526 _aSEG12
526 _aSEG11
526 _aSEG10
526 _aSEG09
526 _aSEG06
526 _aSEG05
526 _aSEG04
526 _aSEG03
526 _aSEG02
526 _aSEG68
526 _aSEG66
526 _aSEG45
526 _aSEG25
526 _aSEG01
526 _aP163
526 _aP162
526 _aP161
526 _aP160
526 _aP159
526 _aP158
526 _aP157
526 _aP156
526 _aP155
526 _aP154
526 _aP153
526 _aP152
526 _aP151
526 _aP150
526 _aP149
526 _aP142
526 _aP141
526 _aP140
526 _aP139
526 _aP138
526 _aP137
526 _aP132
526 _aP131
526 _aP130
526 _aP126
526 _aP125
526 _aP124
526 _aP123
526 _aP115
526 _aP122
526 _aP121
526 _aP116
526 _a P114
526 _aP112
526 _aP111
526 _aP104
526 _aP103
526 _aP102
526 _aP101
526 _aP100
526 _aP96
526 _aP95
526 _aP93
526 _aP92
526 _aP91
526 _aP88
526 _aP83
526 _aP82
526 _aP79
526 _aP78
526 _aP75
526 _aP74
526 _aP71
526 _aP69
526 _a P51
526 _aP49
526 _aP48
526 _aP47
526 _aP33
526 _aP31
526 _a P30
526 _aP29
526 _aP27
526 _aP26
526 _aP25
526 _aP24
526 _a P22
526 _aP10
526 _aP09
526 _a P08
526 _aP06
526 _aP05
526 _aP04
526 _aP01
541 _g043-0014411;
650 1 7 _aAceites y grasas.
_2embne
910 _aaj-lch
910 _ajche
_bjkc
_cjche
_d20150525
910 _btqv
_cwelc
_d20170724
942 _2ddc
_cBOOK
949 _a665 B16
_wDEWEY
_c1
_i20102
_d2016-11-6
_e2016-11-6
_lCCODEBUL1
_mBUL
_n1
_r0
_sY
_tBOOK
_u1982-5-13
_xINGENIERIA
_PP26
_0COMPRA
_o.STAFF. Colección General
949 _a665 B16
_wDEWEY
_c2
_i71394
_lCCODEBUL1
_mBUL
_p53.38
_r0
_sY
_tBOOK
_u2015-5-25
_xINGENIERIA
_PP26
_0COMPRA
_o.STAFF. Colección General
949 _a665 B16 2001
_wDEWEY
_c1
_iFJ08152
_lCCODEBUJ1
_mBUJ
_p78.00
_r0
_sY
_tBOOK
_u2017-07-24
_xINGENIERIA
_PP26
_0COMPRA
_o.STAFF. Colección General Juliaca
994 _aC0
_bPEPRU
596 _a1 3
999 _a665 B16
_wDEWEY
_c21856
_i20102
_d21856
_e2016-11-6
_f2019-12-12
_g7
_lDISCARD
_mBUL
_n1
_q3
_r1
_sY
_tBOOK
_u1982-5-13
_xINGENIERIA
_PP26
_0COMPRA
_o.STAFF. Colección Ingeniería y Arquitectura
999 _a665 B16
_wDEWEY
_c2
_i71394
_d2019-9-5
_e2019-9-4
_f2021-11-9
_g7
_lCCODEBUL1
_mBUL
_n6
_p53.38
_q2
_r0
_sY
_tBOOK
_u2015-5-25
_xINGENIERIA
_PP26
_0COMPRA
_o.STAFF. Colección General
999 _a665 B16 2001
_wDEWEY
_c1
_iFJ08152
_d2019-9-11
_e2019-5-20
_f2022-2-1
_g4
_lCCODEBUJ1
_mBUJ
_n4
_p78.00
_q12
_r0
_sY
_tBOOK
_u2017-7-24
_xINGENIERIA
_PP26
_0COMPRA
_o.STAFF. Colección General Juliaca
980 _81
_gALBERTO SANCHEZ Responsable de Automatización